[Event "wyco2016"]
[Site "?"]
[Date "2016.07.24"]
[Round "4.1"]
[White "Stefansson, Vignir Vatnar"]
[Black "Van Zyl-Rudd, Jack"]
[Result "1/2-1/2"]
[BlackElo "1766"]
[WhiteElo "2171"]
[LiveChessVersion "1.4.7"]

1. e4 {[%clk 1:30:58]} c5 {[%clk 1:30:54]} 2. Nf3 {[%clk 1:31:20]} Nc6
{[%clk 1:31:22]} 3. d3 {[%clk 1:31:19]} d6 {[%clk 1:31:43]} 4. g3
{[%clk 1:31:38]} g6 {[%clk 1:32:08]} 5. Bg2 {[%clk 1:32:03]} Bg7 {[%clk 1:32:34]}
6. O-O {[%clk 1:32:27]} e5 {[%clk 1:32:57]} 7. c3 {[%clk 1:23:21]} Nge7
{[%clk 1:33:20]} 8. Be3 {[%clk 1:21:25]} O-O {[%clk 1:33:26]} 9. Na3
{[%clk 1:20:53]} Be6 {[%clk 1:32:08]} 10. Ng5 {[%clk 1:19:30]} Bd7
{[%clk 1:23:04]} 11. f4 {[%clk 1:19:46]} h6 {[%clk 1:21:32]} 12. Nf3
{[%clk 1:18:22]} b6 {[%clk 1:13:37]} 13. Qd2 {[%clk 1:09:14]} Kh7
{[%clk 0:57:15]} 14. d4 {[%clk 1:01:47]} cxd4 {[%clk 0:49:34]} 15. cxd4
{[%clk 1:00:47]} exf4 {[%clk 0:46:35]} 16. Bxf4 {[%clk 0:55:43]} d5
{[%clk 0:43:53]} 17. exd5 {[%clk 0:54:36]} Nxd5 {[%clk 0:43:31]} 18. Ne5
{[%clk 0:54:46]} Nxe5 {[%clk 0:28:21]} 19. dxe5 {[%clk 0:55:06]} Nxf4
{[%clk 0:28:40]} 20. gxf4 {[%clk 0:55:16]} Bg4 {[%clk 0:23:34]} 21. Qe3
{[%clk 0:55:27]} Rc8 {[%clk 0:21:29]} 22. h3 {[%clk 0:55:03]} Bf5
{[%clk 0:21:40]} 23. Rad1 {[%clk 0:53:48]} Qh4 {[%clk 0:19:55]} 24. b3
{[%clk 0:52:52]} Be6 {[%clk 0:15:51]} 25. Nb5 {[%clk 0:51:09]} Rfd8
{[%clk 0:10:28]} 26. Kh1 {[%clk 0:48:15]} Rxd1 {[%clk 0:06:07]} 27. Rxd1
{[%clk 0:48:44]} Bg4 {[%clk 0:05:57]} 28. Rf1 {[%clk 0:47:10]} Rc2
{[%clk 0:06:06]} 29. Nc3 {[%clk 0:46:40]} h5 {[%clk 0:03:39]} 30. Ne4
{[%clk 0:43:39]} Re2 {[%clk 0:03:01]} 31. Qg3 {[%clk 0:42:39]} Qxg3
{[%clk 0:03:24]} 32. Nxg3 {[%clk 0:43:06]} Re3 {[%clk 0:03:49]} 33. Kh2
{[%clk 0:43:18]} Be6 {[%clk 0:03:32]} 34. Rf2 {[%clk 0:43:40]} Bh6
{[%clk 0:03:28]} 35. Ne4 {[%clk 0:43:15]} Kg7 {[%clk 0:03:08]} 36. Nd6
{[%clk 0:43:25]} Rd3 {[%clk 0:02:17]} 37. Nb5 {[%clk 0:41:14]} a5
{[%clk 0:01:57]} 38. Nc7 {[%clk 0:35:58]} Rd4 {[%clk 0:01:27]} 39. Nxe6+
{[%clk 0:36:16]} fxe6 {[%clk 0:01:56]} 40. Kg3 {[%clk 0:36:34]} g5
{[%clk 0:02:00]} 41. f5 {[%clk 0:36:39]} exf5 {[%clk 0:01:31]} 42. Rxf5
{[%clk 0:37:07]} h4+ {[%clk 0:01:04]} 43. Kf3 {[%clk 0:36:43]} Rf4+
{[%clk 0:00:44]} 44. Rxf4 {[%clk 0:37:10]} gxf4 {[%clk 0:01:07]} 45. Kg4
{[%clk 0:37:29]} Kg6 {[%clk 0:00:49]} 46. Be4+ {[%clk 0:37:54]} Kf7
{[%clk 0:01:12]} 47. Kf5 {[%clk 0:38:19]} Ke7 48. Bd5 b5 {[%clk 0:00:54]} 49. Bc6
{[%clk 0:38:07]} b4 {[%clk 0:01:16]} 50. Bd5 {[%clk 0:38:36]} Kd7
{[%clk 0:01:21]} 51. Kg6 {[%clk 0:38:57]} Bf8 {[%clk 0:01:44]} 52. Kg5
{[%clk 0:39:21]} f3 {[%clk 0:01:20]} 53. Bxf3 {[%clk 0:39:50]} Ke6
{[%clk 0:01:43]} 54. Kf4 {[%clk 0:39:58]} Bg7 {[%clk 0:02:08]} 55. Bg4+
{[%clk 0:40:24]} Kd5 {[%clk 0:02:25]} 56. e6 {[%clk 0:40:51]} Bf6
{[%clk 0:01:37]} 57. Kf5 {[%clk 0:40:42]} Be7 {[%clk 0:01:51]} 58. Bf3+
{[%clk 0:40:58]} Kd6 {[%clk 0:02:08]} 59. Be2 {[%clk 0:40:45]} Bd8
{[%clk 0:02:14]} 60. Bc4 {[%clk 0:41:10]} Be7 {[%clk 0:02:39]} 61. Be2
{[%clk 0:41:04]} Bd8 {[%clk 0:03:04]} 62. Bh5 {[%clk 0:41:28]} Be7
{[%clk 0:03:09]} 63. Bf7 {[%clk 0:41:51]} Bd8 {[%clk 0:03:34]} 64. Ke4
{[%clk 0:42:10]} Bf6 {[%clk 0:03:59]} 65. Kd3 {[%clk 0:42:36]} Kc5
{[%clk 0:04:11]} 66. Bg8 {[%clk 0:42:59]} Bg5 {[%clk 0:03:54]} 67. Ke4
{[%clk 0:43:21]} Bf6 {[%clk 0:03:22]} 68. Kf5 {[%clk 0:43:42]} Be7
{[%clk 0:03:43]} 69. Ke5 {[%clk 0:44:04]} Bg5 {[%clk 0:04:01]} 70. Kf5
{[%clk 0:43:15]} Be7 {[%clk 0:04:23]} 1/2-1/2

[Event "wyco2016"]
[Site "?"]
[Date "2016.07.24"]
[Round "4.2"]
[White "Van Der Lingen, Cornelis Petru"]
[Black "Birkisson, Bjorn Holm"]
[Result "1-0"]
[BlackElo "1977"]
[WhiteElo "1772"]
[LiveChessVersion "1.4.7"]

1. e4 {[%clk 1:30:54]} c5 {[%clk 1:30:56]} 2. Nf3 {[%clk 1:31:09]} d6
{[%clk 1:31:21]} 3. d4 {[%clk 1:31:15]} cxd4 {[%clk 1:31:48]} 4. Nxd4
{[%clk 1:31:35]} Nf6 {[%clk 1:32:14]} 5. Nc3 {[%clk 1:31:47]} g6 {[%clk 1:32:37]}
6. Be3 {[%clk 1:31:52]} Bg7 {[%clk 1:32:59]} 7. Qd2 {[%clk 1:30:54]} Ng4
{[%clk 1:33:00]} 8. Bg5 {[%clk 1:30:04]} h6 {[%clk 1:23:49]} 9. Bh4
{[%clk 1:26:34]} Nc6 {[%clk 1:21:57]} 10. Nb3 {[%clk 1:22:29]} Be6
{[%clk 1:16:55]} 11. O-O-O {[%clk 1:16:57]} Rc8 {[%clk 1:04:06]} 12. h3
{[%clk 1:06:05]} Nge5 {[%clk 0:59:55]} 13. Nd5 {[%clk 1:04:46]} g5
{[%clk 0:39:49]} 14. Bg3 {[%clk 1:00:00]} Ng6 {[%clk 0:39:12]} 15. Kb1
{[%clk 0:56:49]} a6 {[%clk 0:36:28]} 16. f3 {[%clk 0:51:19]} b5 {[%clk 0:34:35]}
17. Bf2 {[%clk 0:51:12]} Bxd5 {[%clk 0:33:12]} 18. exd5 {[%clk 0:50:50]} Nce5
{[%clk 0:33:30]} 19. Nd4 {[%clk 0:35:43]} Qc7 {[%clk 0:31:22]} 20. h4
{[%clk 0:28:35]} Nc4 {[%clk 0:25:39]} 21. Bxc4 {[%clk 0:28:23]} Qxc4
{[%clk 0:25:43]} 22. hxg5 {[%clk 0:24:30]} hxg5 {[%clk 0:25:11]} 23. Nc6
{[%clk 0:20:25]} Nf4 {[%clk 0:23:02]} 24. Rhe1 {[%clk 0:15:12]} Nxd5
{[%clk 0:19:29]} 25. Qxg5 {[%clk 0:09:36]} Qxc6 {[%clk 0:12:21]} 26. Qxg7
{[%clk 0:09:25]} Qxc2+ {[%clk 0:12:42]} 27. Ka1 {[%clk 0:09:32]} Rf8
{[%clk 0:12:50]} 28. Qd4 {[%clk 0:08:29]} Kd7 {[%clk 0:10:06]} 29. Qxd5
{[%clk 0:07:36]} Rc6 {[%clk 0:08:40]} 30. Qd2 {[%clk 0:07:07]} Qf5
{[%clk 0:08:59]} 31. Qe3 {[%clk 0:07:13]} e5 {[%clk 0:08:07]} 32. Rc1
{[%clk 0:06:42]} Rfc8 {[%clk 0:08:23]} 33. Rxc6 {[%clk 0:06:45]} Rxc6
{[%clk 0:08:52]} 34. Rc1 {[%clk 0:06:24]} Rc2 {[%clk 0:08:07]} 35. a3
{[%clk 0:04:12]} a5 {[%clk 0:06:44]} 36. Bh4 {[%clk 0:04:01]} a4 {[%clk 0:03:54]}
37. Qa7+ {[%clk 0:02:46]} Kc8 {[%clk 0:01:36]} 38. Qa6+ {[%clk 0:02:49]} Kc7
{[%clk 0:01:45]} 39. Qa5+ {[%clk 0:02:58]} Kc8 {[%clk 0:02:03]} 40. Rxc2+
{[%clk 0:03:22]} Qxc2 {[%clk 0:02:24]} 41. Qc3+ {[%clk 0:03:46]} Qxc3
{[%clk 0:02:53]} 42. bxc3 {[%clk 0:03:59]} Kd7 {[%clk 0:03:22]} 43. Kb2
{[%clk 0:04:12]} Ke6 {[%clk 0:03:46]} 44. Kc2 {[%clk 0:04:28]} Kf5
{[%clk 0:02:12]} 45. Kd3 {[%clk 0:04:40]} Kf4 {[%clk 0:02:32]} 46. Be7
{[%clk 0:04:07]} d5 {[%clk 0:03:01]} 47. Bd6 {[%clk 0:04:11]} f6 {[%clk 0:03:31]}
48. Be7 {[%clk 0:04:17]} e4+ {[%clk 0:03:59]} 49. fxe4 {[%clk 0:04:07]} dxe4+
{[%clk 0:04:28]} 50. Kd4 {[%clk 0:04:12]} f5 {[%clk 0:04:54]} 51. Bd6+
{[%clk 0:04:34]} Kg4 {[%clk 0:04:57]} 52. Ke3 {[%clk 0:04:03]} Kg5
{[%clk 0:05:26]} 53. g3 {[%clk 0:03:25]} Kg4 {[%clk 0:05:18]} 54. Bf4
{[%clk 0:03:11]} Kh3 {[%clk 0:05:29]} 55. Kd4 {[%clk 0:03:19]} Kg4
{[%clk 0:05:43]} 56. Ke5 {[%clk 0:03:12]} Kf3 {[%clk 0:06:08]} 57. Kxf5
{[%clk 0:03:33]} e3 {[%clk 0:06:38]} 58. Bxe3 {[%clk 0:03:51]} Kxe3
{[%clk 0:07:04]} 59. g4 {[%clk 0:04:08]} Kd3 {[%clk 0:07:32]} 60. g5
{[%clk 0:04:20]} Kxc3 {[%clk 0:07:58]} 61. g6 {[%clk 0:04:41]} b4
{[%clk 0:06:00]} 62. axb4 {[%clk 0:04:15]} a3 {[%clk 0:06:27]} 63. g7
{[%clk 0:04:32]} a2 {[%clk 0:06:56]} 64. g8=Q {[%clk 0:04:54]} a1=Q
{[%clk 0:07:20]} 65. Qg7+ {[%clk 0:05:15]} 1-0

[Event "wyco2016"]
[Site "?"]
[Date "2016.07.24"]
[Round "4.3"]
[White "Heimisson, Hilmir Freyr"]
[Black "Marais, Daniel"]
[Result "1-0"]
[BlackElo "1771"]
[WhiteElo "1974"]
[LiveChessVersion "1.4.7"]

1. d4 {[%clk 1:30:58]} d5 {[%clk 1:30:53]} 2. c4 {[%clk 1:31:24]} e6
{[%clk 1:31:18]} 3. Nc3 {[%clk 1:31:51]} c5 {[%clk 1:31:43]} 4. e3
{[%clk 1:30:40]} Nf6 {[%clk 1:31:11]} 5. Nf3 {[%clk 1:30:36]} Nc6
{[%clk 1:29:42]} 6. Bd3 {[%clk 1:21:09]} dxc4 {[%clk 1:28:56]} 7. Bxc4
{[%clk 1:21:32]} cxd4 {[%clk 1:29:22]} 8. exd4 {[%clk 1:21:54]} Bb4
{[%clk 1:29:44]} 9. O-O {[%clk 1:22:04]} O-O {[%clk 1:29:59]} 10. Bf4
{[%clk 1:17:52]} b6 {[%clk 1:29:07]} 11. a3 {[%clk 1:13:57]} Bxc3
{[%clk 1:28:14]} 12. bxc3 {[%clk 1:14:23]} Bb7 {[%clk 1:28:26]} 13. Qe2
{[%clk 1:08:18]} Rc8 {[%clk 1:20:45]} 14. Rac1 {[%clk 1:06:18]} Qe7
{[%clk 1:20:41]} 15. Bg5 {[%clk 1:06:23]} h6 {[%clk 1:19:19]} 16. Bh4
{[%clk 1:06:46]} Qxa3 {[%clk 1:16:38]} 17. Bxf6 {[%clk 1:07:07]} gxf6
{[%clk 1:17:07]} 18. Nh4 {[%clk 0:55:26]} Qa5 {[%clk 1:15:32]} 19. f4
{[%clk 0:54:35]} Ne7 {[%clk 1:03:27]} 20. f5 {[%clk 0:31:09]} Rxc4
{[%clk 0:56:03]} 21. Qxc4 {[%clk 0:31:36]} Ba6 {[%clk 0:56:24]} 22. Qc7
{[%clk 0:32:01]} Bxf1 {[%clk 0:56:41]} 23. Qxe7 {[%clk 0:32:24]} Bd3
{[%clk 0:57:04]} 24. Qxf6 {[%clk 0:29:01]} Bxf5 {[%clk 0:54:42]} 25. Qxh6
{[%clk 0:29:12]} Bh7 {[%clk 0:54:09]} 26. Nf3 {[%clk 0:22:19]} Qf5
{[%clk 0:45:23]} 27. Rf1 {[%clk 0:15:02]} Qg6 {[%clk 0:45:23]} 28. Qh4
{[%clk 0:14:24]} f6 {[%clk 0:38:08]} 29. Qf4 {[%clk 0:13:29]} Qg7
{[%clk 0:35:12]} 30. h4 {[%clk 0:12:36]} Bf5 {[%clk 0:33:04]} 31. Nh2
{[%clk 0:11:36]} Kh8 {[%clk 0:32:29]} 32. Rf2 {[%clk 0:08:41]} Rg8
{[%clk 0:30:06]} 33. Nf1 {[%clk 0:08:55]} Rc8 {[%clk 0:26:55]} 34. Qe3
{[%clk 0:08:19]} b5 {[%clk 0:22:28]} 35. Ng3 {[%clk 0:06:45]} Bg4
{[%clk 0:16:55]} 36. Ne4 {[%clk 0:06:44]} Bf5 {[%clk 0:17:15]} 37. Nd6
{[%clk 0:06:32]} Rg8 {[%clk 0:16:43]} 38. Nxb5 {[%clk 0:06:08]} Qh7
{[%clk 0:16:06]} 39. Nd6 {[%clk 0:03:21]} Rb8 {[%clk 0:13:57]} 40. Qg3
{[%clk 0:01:52]} Rg8 {[%clk 0:13:39]} 41. Qf3 {[%clk 0:01:25]} Qxh4
{[%clk 0:12:15]} 42. Nxf5 {[%clk 0:01:10]} exf5 {[%clk 0:12:41]} 43. Qxf5
{[%clk 0:01:32]} Rg3 {[%clk 0:12:33]} 44. Qc8+ {[%clk 0:01:14]} Kh7
{[%clk 0:11:51]} 45. d5 {[%clk 0:00:57]} Re3 {[%clk 0:11:06]} 46. Qb7+
{[%clk 0:00:56]} Kh6 {[%clk 0:11:04]} 47. Qxa7 Re1+ {[%clk 0:11:23]} 48. Rf1
{[%clk 0:01:11]} Rxf1+ {[%clk 0:11:42]} 49. Kxf1 {[%clk 0:01:39]} Qc4+
{[%clk 0:12:01]} 50. Kg1 {[%clk 0:01:52]} Qxd5 {[%clk 0:12:20]} 51. Qe3+
{[%clk 0:02:17]} Kg6 {[%clk 0:12:21]} 52. Kh2 {[%clk 0:02:28]} f5
{[%clk 0:11:03]} 53. Qd4 {[%clk 0:02:34]} Qc6 {[%clk 0:11:13]} 54. c4
{[%clk 0:02:52]} Qc7+ {[%clk 0:10:32]} 55. Kg1 {[%clk 0:03:12]} Qg3
{[%clk 0:09:23]} 56. c5 {[%clk 0:03:20]} f4 {[%clk 0:09:39]} 57. Qd6+
{[%clk 0:03:06]} Kf5 {[%clk 0:09:41]} 58. Qd5+ {[%clk 0:02:28]} Kf6
{[%clk 0:09:48]} 59. Qf3 {[%clk 0:01:40]} Qe1+ {[%clk 0:08:17]} 60. Kh2
{[%clk 0:02:08]} Qh4+ {[%clk 0:07:58]} 61. Qh3 {[%clk 0:02:31]} Qf2
{[%clk 0:07:59]} 62. c6 {[%clk 0:02:24]} 1-0

[Event "wyco2016"]
[Site "?"]
[Date "2016.07.24"]
[Round "4.4"]
[White "Surujhlal, Kayla"]
[Black "Thorsteinsdottir, Svava"]
[Result "1-0"]
[BlackElo "1313"]
[WhiteElo "1352"]
[LiveChessVersion "1.4.7"]

1. e4 {[%clk 1:30:57]} c5 {[%clk 1:30:55]} 2. Nf3 {[%clk 1:31:22]} d6
{[%clk 1:31:13]} 3. d4 {[%clk 1:31:46]} cxd4 {[%clk 1:31:36]} 4. Nxd4
{[%clk 1:32:06]} Nf6 {[%clk 1:32:00]} 5. Nc3 {[%clk 1:32:28]} a6 {[%clk 1:32:04]}
6. Bd3 {[%clk 1:32:38]} Nbd7 {[%clk 1:32:19]} 7. O-O {[%clk 1:32:21]} e6
{[%clk 1:32:26]} 8. Kh1 {[%clk 1:32:21]} Qc7 {[%clk 1:31:36]} 9. f4
{[%clk 1:30:51]} Nc5 {[%clk 1:27:52]} 10. Qe1 {[%clk 1:27:26]} b5
{[%clk 1:26:31]} 11. a3 {[%clk 1:26:39]} Bb7 {[%clk 1:25:46]} 12. Bd2
{[%clk 1:22:57]} Be7 {[%clk 1:24:41]} 13. Qe3 {[%clk 1:20:53]} Nfd7
{[%clk 1:21:55]} 14. Rae1 {[%clk 1:12:41]} Bf6 {[%clk 1:20:46]} 15. Nb3
{[%clk 1:10:48]} O-O {[%clk 1:19:56]} 16. Qg3 {[%clk 1:05:30]} Rac8
{[%clk 1:15:54]} 17. Nxc5 {[%clk 0:59:27]} Qxc5 {[%clk 1:13:02]} 18. Qh3
{[%clk 0:53:42]} g6 {[%clk 1:06:35]} 19. f5 {[%clk 0:50:30]} exf5
{[%clk 1:01:33]} 20. exf5 {[%clk 0:49:25]} Qc6 {[%clk 1:00:34]} 21. Be4
{[%clk 0:32:49]} Qc7 {[%clk 0:58:46]} 22. fxg6 {[%clk 0:20:46]} Bxe4
{[%clk 0:51:35]} 23. Qxh7# {[%clk 0:20:51]} 1-0

[Event "wyco2016"]
[Site "?"]
[Date "2016.07.24"]
[Round "4.5"]
[White "Abdulla, Murad"]
[Black "Bhat, Vishal"]
[Result "1-0"]
[BlackElo "2107"]
[WhiteElo "2101"]
[LiveChessVersion "1.4.7"]

1. e4 {[%clk 1:30:57]} e5 {[%clk 1:30:54]} 2. Nf3 {[%clk 1:31:23]} Nc6
{[%clk 1:31:18]} 3. Bb5 {[%clk 1:31:48]} a6 {[%clk 1:31:41]} 4. Bxc6
{[%clk 1:32:13]} dxc6 {[%clk 1:32:08]} 5. O-O {[%clk 1:32:37]} Bg4
{[%clk 1:32:29]} 6. h3 {[%clk 1:32:57]} h5 {[%clk 1:32:53]} 7. d3
{[%clk 1:33:18]} Qf6 {[%clk 1:33:17]} 8. Be3 {[%clk 1:29:19]} Bxf3
{[%clk 1:33:37]} 9. Qxf3 {[%clk 1:29:44]} Qxf3 {[%clk 1:34:01]} 10. gxf3
{[%clk 1:30:11]} Bd6 {[%clk 1:34:21]} 11. Nd2 {[%clk 1:22:02]} Ne7
{[%clk 1:33:10]} 12. Nc4 {[%clk 1:18:19]} Ng6 {[%clk 1:33:29]} 13. Rfd1
{[%clk 1:18:17]} f5 {[%clk 1:33:05]} 14. Kf1 {[%clk 1:11:01]} f4 {[%clk 1:24:37]}
15. Bd2 {[%clk 1:04:26]} c5 {[%clk 1:18:20]} 16. a4 {[%clk 1:03:45]} Ne7
{[%clk 1:15:00]} 17. Ke2 {[%clk 0:59:55]} Nc6 {[%clk 1:11:10]} 18. c3
{[%clk 0:53:17]} Kf7 {[%clk 1:06:36]} 19. a5 {[%clk 0:50:17]} g5 {[%clk 1:00:58]}
20. Rg1 {[%clk 0:49:41]} Be7 {[%clk 1:00:25]} 21. b3 {[%clk 0:48:14]} Rad8
{[%clk 0:58:48]} 22. Bc1 {[%clk 0:44:52]} Rhg8 {[%clk 0:55:09]} 23. Bb2
{[%clk 0:43:45]} Ke6 {[%clk 0:51:44]} 24. Rad1 {[%clk 0:42:20]} Bf6
{[%clk 0:50:28]} 25. Ba3 {[%clk 0:39:43]} Be7 {[%clk 0:50:56]} 26. Bb2
{[%clk 0:36:28]} Rd7 {[%clk 0:46:59]} 27. b4 {[%clk 0:28:24]} cxb4
{[%clk 0:46:33]} 28. d4 {[%clk 0:28:03]} bxc3 {[%clk 0:34:05]} 29. d5+
{[%clk 0:26:31]} Kf6 {[%clk 0:34:34]} 30. Bxc3 {[%clk 0:20:45]} Nd4+
{[%clk 0:32:43]} 31. Bxd4 {[%clk 0:16:40]} exd4 {[%clk 0:33:05]} 32. e5+
{[%clk 0:16:56]} Kf5 {[%clk 0:32:44]} 33. Rxd4 {[%clk 0:15:34]} Bc5
{[%clk 0:31:42]} 34. Rd3 {[%clk 0:14:32]} Re8 {[%clk 0:28:06]} 35. Re1
{[%clk 0:09:03]} b6 {[%clk 0:21:17]} 36. axb6 {[%clk 0:08:14]} cxb6
{[%clk 0:21:46]} 37. Kf1 {[%clk 0:07:24]} b5 {[%clk 0:20:58]} 38. e6
{[%clk 0:06:44]} Rh7 {[%clk 0:17:58]} 39. Ne5 {[%clk 0:05:32]} Bd6
{[%clk 0:13:37]} 40. Nf7 {[%clk 0:02:05]} Rxf7 {[%clk 0:09:11]} 41. exf7
{[%clk 0:02:29]} Rxe1+ {[%clk 0:09:38]} 42. Kxe1 {[%clk 0:02:53]} Kf6
{[%clk 0:10:06]} 43. f8=Q+ {[%clk 0:03:04]} Bxf8 {[%clk 0:10:31]} 44. d6
{[%clk 0:03:29]} b4 {[%clk 0:10:12]} 45. d7 {[%clk 0:03:36]} Be7 {[%clk 0:10:38]}
46. d8=Q {[%clk 0:03:26]} Bxd8 {[%clk 0:11:06]} 47. Rxd8 {[%clk 0:03:49]} Ke5
{[%clk 0:10:58]} 48. Kd2 {[%clk 0:03:54]} 1-0

[Event "wyco2016"]
[Site "?"]
[Date "2016.07.24"]
[Round "4.6"]
[White "Cannon, David"]
[Black "Shafi, Declan"]
[Result "1-0"]
[BlackElo "1841"]
[WhiteElo "2093"]
[LiveChessVersion "1.4.7"]

1. e4 {[%clk 1:30:56]} e5 {[%clk 1:30:55]} 2. Nf3 {[%clk 1:31:22]} Nc6
{[%clk 1:31:17]} 3. Bb5 {[%clk 1:31:44]} a6 {[%clk 1:31:38]} 4. Bxc6
{[%clk 1:32:07]} dxc6 {[%clk 1:32:00]} 5. O-O {[%clk 1:32:32]} Bg4
{[%clk 1:32:13]} 6. h3 {[%clk 1:32:54]} h5 {[%clk 1:32:29]} 7. d3
{[%clk 1:33:09]} Qf6 {[%clk 1:32:11]} 8. Be3 {[%clk 1:33:14]} Bxf3
{[%clk 1:29:06]} 9. Qxf3 {[%clk 1:33:37]} Qxf3 {[%clk 1:29:29]} 10. gxf3
{[%clk 1:34:05]} Bd6 {[%clk 1:29:24]} 11. Nd2 {[%clk 1:26:41]} Ne7
{[%clk 1:28:35]} 12. Nc4 {[%clk 1:27:04]} Ng6 {[%clk 1:27:47]} 13. Rfd1
{[%clk 1:26:55]} c5 {[%clk 1:24:35]} 14. Kf1 {[%clk 1:26:14]} f5 {[%clk 1:15:28]}
15. c3 {[%clk 1:18:33]} f4 {[%clk 1:09:04]} 16. Bc1 {[%clk 1:18:56]} b5
{[%clk 1:08:44]} 17. Na5 {[%clk 1:17:41]} Nf8 {[%clk 1:05:11]} 18. d4
{[%clk 1:13:47]} cxd4 {[%clk 0:57:29]} 19. cxd4 {[%clk 1:14:12]} Ne6
{[%clk 0:56:11]} 20. dxe5 {[%clk 1:09:46]} Bxe5 {[%clk 0:56:33]} 21. Nc6
{[%clk 1:10:10]} Bd6 {[%clk 0:55:53]} 22. e5 {[%clk 1:01:01]} Bc5
{[%clk 0:55:57]} 23. b4 {[%clk 1:00:43]} Bb6 {[%clk 0:50:09]} 24. a4
{[%clk 0:59:13]} bxa4 {[%clk 0:48:03]} 25. Rxa4 {[%clk 0:59:25]} O-O
{[%clk 0:46:55]} 26. Bb2 {[%clk 0:52:04]} Nd8 {[%clk 0:39:08]} 27. Ne7+
{[%clk 0:51:55]} Kf7 {[%clk 0:38:31]} 28. Nd5 {[%clk 0:51:52]} Re8
{[%clk 0:29:04]} 29. Nxf4 {[%clk 0:50:29]} Ne6 {[%clk 0:25:53]} 30. Rd7+
{[%clk 0:44:24]} Re7 {[%clk 0:24:45]} 31. Rxe7+ {[%clk 0:44:41]} Kxe7
{[%clk 0:25:10]} 32. Nd3 {[%clk 0:44:03]} Ng5 {[%clk 0:22:07]} 33. Kg2
{[%clk 0:42:05]} Rd8 {[%clk 0:20:04]} 34. Ra3 {[%clk 0:42:21]} Ne6
{[%clk 0:19:46]} 35. Bc1 {[%clk 0:41:19]} Rd5 {[%clk 0:17:42]} 36. f4
{[%clk 0:38:56]} g6 {[%clk 0:16:57]} 37. Kf3 {[%clk 0:37:51]} c6 {[%clk 0:14:16]}
38. Be3 {[%clk 0:34:55]} Nd4+ {[%clk 0:11:43]} 39. Ke4 {[%clk 0:34:42]} a5
{[%clk 0:10:18]} 40. bxa5 {[%clk 0:32:23]} Nb5 {[%clk 0:09:20]} 41. axb6
{[%clk 0:31:31]} Nxa3 {[%clk 0:08:30]} 42. Bc5+ {[%clk 0:31:53]} Kd7
{[%clk 0:08:40]} 43. Bxa3 {[%clk 0:32:04]} Rb5 {[%clk 0:08:58]} 44. Nc5+
{[%clk 0:29:59]} Kc8 {[%clk 0:09:04]} 45. e6 {[%clk 0:29:42]} Ra5
{[%clk 0:08:58]} 46. e7 {[%clk 0:29:50]} 1-0

[Event "wyco2016"]
[Site "?"]
[Date "2016.07.24"]
[Round "4.7"]
[White "Espinosa Cancino, Monica"]
[Black "Chan, Luis"]
[Result "0-1"]
[BlackElo "1953"]
[WhiteElo "1636"]
[LiveChessVersion "1.4.7"]

1. d4 {[%clk 1:30:57]} d5 {[%clk 1:30:55]} 2. Nf3 {[%clk 1:31:20]} Nf6
{[%clk 1:31:17]} 3. e3 {[%clk 1:31:44]} e6 {[%clk 1:31:39]} 4. Bd3
{[%clk 1:32:02]} c5 {[%clk 1:31:16]} 5. c3 {[%clk 1:32:20]} Nc6 {[%clk 1:31:24]}
6. O-O {[%clk 1:32:33]} Bd6 {[%clk 1:30:00]} 7. Nbd2 {[%clk 1:32:44]} O-O
{[%clk 1:30:01]} 8. Qe2 {[%clk 1:30:24]} Qc7 {[%clk 1:28:42]} 9. dxc5
{[%clk 1:25:29]} Bxc5 {[%clk 1:29:04]} 10. e4 {[%clk 1:24:17]} b6
{[%clk 1:24:56]} 11. h3 {[%clk 1:09:47]} Nh5 {[%clk 1:22:38]} 12. Nd4
{[%clk 1:06:07]} Nf4 {[%clk 1:13:53]} 13. Qf3 {[%clk 1:03:49]} Bxd4
{[%clk 1:08:06]} 14. cxd4 {[%clk 1:03:22]} Nxd4 {[%clk 1:08:12]} 15. Qe3
{[%clk 1:03:03]} Nxd3 {[%clk 1:04:28]} 16. Qxd3 {[%clk 1:03:13]} Nc2
{[%clk 1:03:15]} 17. Rb1 {[%clk 1:03:10]} Bb7 {[%clk 0:57:16]} 18. exd5
{[%clk 0:54:56]} Bxd5 {[%clk 0:57:20]} 19. b3 {[%clk 0:54:54]} Rfd8
{[%clk 0:55:06]} 20. Qe2 {[%clk 0:50:39]} Nd4 {[%clk 0:51:07]} 21. Qg4
{[%clk 0:46:17]} Bb7 {[%clk 0:49:46]} 22. Nc4 {[%clk 0:42:00]} Ba6
{[%clk 0:47:41]} 23. Bf4 {[%clk 0:38:13]} Qxf4 {[%clk 0:48:01]} 24. Qxf4
{[%clk 0:32:30]} Ne2+ {[%clk 0:48:29]} 25. Kh2 {[%clk 0:32:00]} Nxf4
{[%clk 0:48:54]} 26. Rfc1 {[%clk 0:28:27]} Nd3 {[%clk 0:48:41]} 27. Rc2
{[%clk 0:27:05]} Rac8 {[%clk 0:48:52]} 28. Kg1 {[%clk 0:16:18]} Nb4
{[%clk 0:48:52]} 29. Rcb2 {[%clk 0:15:57]} Nd3 {[%clk 0:47:37]} 30. Rc2
{[%clk 0:15:05]} Bxc4 {[%clk 0:48:01]} 31. bxc4 {[%clk 0:15:21]} Ne5
{[%clk 0:48:24]} 32. Rbc1 {[%clk 0:14:26]} Rd4 {[%clk 0:47:59]} 33. c5
{[%clk 0:14:06]} Rxc5 {[%clk 0:48:15]} 34. Rxc5 {[%clk 0:14:16]} bxc5
{[%clk 0:48:41]} 35. Rxc5 {[%clk 0:14:41]} Ng6 {[%clk 0:49:05]} 36. Ra5
{[%clk 0:14:20]} Rd7 {[%clk 0:49:30]} 37. g3 {[%clk 0:14:25]} f5 {[%clk 0:49:40]}
38. Kg2 {[%clk 0:14:23]} Kf7 39. Kf3 {[%clk 0:12:36]} Ne7 {[%clk 0:50:08]} 40.
Ke2 {[%clk 0:11:59]} g5 {[%clk 0:50:11]} 41. Kf3 {[%clk 0:10:25]} Nc6
{[%clk 0:50:05]} 42. Ra3 {[%clk 0:09:37]} h5 {[%clk 0:50:16]} 43. Rc3
{[%clk 0:08:36]} Nb4 {[%clk 0:50:31]} 44. a3 {[%clk 0:08:12]} Rd3+
{[%clk 0:50:56]} 45. Rxd3 {[%clk 0:08:34]} Nxd3 {[%clk 0:51:24]} 46. Ke2
{[%clk 0:08:42]} Nc5 {[%clk 0:51:26]} 47. Kd2 {[%clk 0:08:45]} h4
{[%clk 0:51:31]} 48. gxh4 {[%clk 0:07:40]} gxh4 {[%clk 0:51:58]} 49. Ke3
{[%clk 0:07:39]} e5 {[%clk 0:52:25]} 50. Ke2 {[%clk 0:07:48]} Ke6
{[%clk 0:52:33]} 51. Ke3 {[%clk 0:07:37]} Kd5 {[%clk 0:52:54]} 52. Ke2
{[%clk 0:07:13]} e4 {[%clk 0:53:19]} 53. Ke3 {[%clk 0:07:20]} Nd3
{[%clk 0:53:38]} 54. f3 {[%clk 0:07:27]} f4+ {[%clk 0:54:03]} 55. Ke2
{[%clk 0:07:41]} Nc1+ {[%clk 0:54:28]} 56. Kf2 {[%clk 0:07:44]} e3+
{[%clk 0:54:52]} 57. Ke1 {[%clk 0:07:57]} Nb3 {[%clk 0:54:59]} 58. Ke2
{[%clk 0:08:10]} Nd4+ {[%clk 0:55:23]} 59. Kf1 {[%clk 0:08:23]} Nxf3
{[%clk 0:55:48]} 60. a4 {[%clk 0:08:39]} Ke4 {[%clk 0:55:51]} 61. Ke2
{[%clk 0:08:26]} Nd2 {[%clk 0:55:58]} 62. Ke1 {[%clk 0:08:34]} f3
{[%clk 0:56:21]} 63. a5 {[%clk 0:08:55]} Kd3 {[%clk 0:56:33]} 64. Kd1
{[%clk 0:09:10]} f2 {[%clk 0:56:44]} 65. Kc1 {[%clk 0:09:29]} Kc3
{[%clk 0:57:08]} 0-1